| 000 | 01073cam a2200301 i 4500 | ||
|---|---|---|---|
| 999 |
_c7126 _d7126 |
||
| 001 | 376137 | ||
| 003 | OSt | ||
| 005 | 20210903154303.0 | ||
| 008 | 781201s1979 nyua b 001 0 eng | ||
| 010 | _a 78027198 | ||
| 020 | _a0471043788 | ||
| 040 |
_aDLC _cDLC _dDLC |
||
| 050 | 0 | 0 |
_aQD96.I5 _bS58 |
| 060 | _aQD95 S642a | ||
| 082 | 0 | 0 | _a543.5SMI1979 |
| 100 | 1 |
_aSmith, A. Lee _q(Albert Lee), _d1924- _914675 |
|
| 245 | 1 | 0 |
_aApplied infrared spectroscopy : _bfundamentals, techniques, and analytical problem-solving / _cEdited by Smith,A. Lee |
| 260 |
_aNew York : _bWiley, _cc1979. |
||
| 300 |
_axi, 322 p. : _bill. ; _c24 cm. |
||
| 440 | 0 |
_aChemical analysis ; _vv. 54 _914676 |
|
| 500 | _a"A Wiley-Interscience publication." | ||
| 504 | _aIncludes; references and index. | ||
| 650 | 0 |
_aChemistry _9797 |
|
| 856 | 4 | 2 |
_3Publisher description _uhttp://www.loc.gov/catdir/description/wiley031/78027198.html |
| 856 | 4 |
_3Table of Contents _uhttp://www.loc.gov/catdir/toc/onix01/78027198.html |
|
| 906 |
_a7 _bcbc _corignew _d1 _eocip _f19 _gy-gencatlg |
||
| 942 |
_2ddc _cO_SHELF |
||